Statistics for Countries That Have Settled Disputed Areas

Click here to take the quiz!

General Stats

  • This quiz has been taken 74 times
  • The average score is 26 of 30

Answer Stats

Territory/Area + Year SettledAnswer% Correct
Alaska border (1903)Canada
100%
Bay of Bengal maritime boundary (2014)India
100%
Northern Ireland (1988)Ireland
100%
Northern Ireland (1988)United Kingdom
100%
Sevastopol (1997)Russia
98%
Alaska border (1903)United States
98%
Vilnius Region (1945)Poland
95%
Sinai Peninsula (1982)Israel
94%
Bay of Bengal maritime boundary (2014)Bangladesh
92%
Sevastopol (1997)Ukraine
92%
Sinai Peninsula (1982)Egypt
91%
Arabi and Farsi Islands (1968)Iran
91%
Vilnius Region (1945)Lithuania
91%
Aland Islands (1921)Sweden
89%
Phú Quốc Island (1982)Vietnam
89%
Aland Islands (1921)Finland
88%
Arabi and Farsi Islands (1968)Saudi Arabia
88%
Phú Quốc Island (1982)Cambodia
85%
Atacama border (1904)Chile
85%
Atacama border (1904)Bolivia
83%
Erik the Red's Land (1933)Denmark
80%
Passetto di Borgo (1991)Italy
80%
Erik the Red's Land (1933)Norway
80%
Isla Martin Garcia (1973)Argentina
75%
Guaira Falls (1982)Brazil
75%
Guaira Falls (1982)Paraguay
74%
Isla Martin Garcia (1973)Uruguay
69%
Passetto di Borgo (1991)Vatican City
62%
Tsorona-Zalambessa (2008)
(hint: In Africa)
Ethiopia
60%
Tsorona-Zalambessa (2008)
(hint: In Africa)
Eritrea
58%

Score Distribution

Percentile by Number Answered

Percent of People with Each Score

Your Score History

You have not taken this quiz